Preceptos de salubrificación y beneficencia, aplicables á las Epidemias de Barcelona en general y á las de fiebre amarilla en particular / por Carlos Ronquillo
Descripción Física:
32 p. ; 27 cm
MARC
| LEADER | 00000nam a2200000Ia 4500 | ||
|---|---|---|---|
| 001 | 11707 | ||
| 008 | 160829s1871 xx 000 0 cat d | ||
| 080 | |a RF-8-23 | ||
| 100 | |a Ronquillo, Carlos |9 39214 | ||
| 245 | |a Preceptos de salubrificación y beneficencia, aplicables á las Epidemias de Barcelona en general y á las de fiebre amarilla en particular / por Carlos Ronquillo | ||
| 260 | |a Barcelona : |b (Tip. N. Ramirez y C.), |c 1871 | ||
| 300 | |a 32 p. ; |c 27 cm | ||
| 590 | |a Restaurat: maig 2009 | ||
| 650 | |a Febre groga |x Barcelona |9 39215 | ||
| 650 | |a Epidèmies |x Barcelona |9 39216 | ||
| 856 | 4 | |u https://media.diba.cat/diba/fitxers/arxiu/fulletons/bib_11707_1871_baixa.pdf |y Accés lliure | |
| 856 | 4 | |u https://media.diba.cat/diba/fitxers/arxiu/fulletons/bib_11707_1871_baixa.pdf |y Accés lliure | |
| 901 | |a Arxiu | ||
| 942 | |n 1 |2 udc | ||
| 952 | |0 0 |1 0 |4 0 |6 RF823 |7 1 |9 48870 |a Arxiu |b Arxiu |d 2016-12-01 |l 0 |o RF-8-23 |p 11707 |r 2016-12-01 00:00:00 |w 2016-12-01 |y ARXIU | ||
| 999 | |c 52705 |d 52705 | ||
| 900 | |a bib_11707_1871_baixa.pdf | ||